000
00308nam a2200133Ia 4500
008
151213s9999 xx 000 0 und d
100
_a
Nurul Islam
245
_a
Harvest
_c
Nurul Islam
260
_a
Dhaka
_b
Kotha Mudrayan
300
_a
4493 p.
650
_a
Reference
700
_a
Nurul Islam
999
_c
2868
_d
2868